| 000 | 00609nam a2200205Ia 4500 | ||
|---|---|---|---|
| 003 | OSt | ||
| 005 | 20230411110639.0 | ||
| 008 | 210423s2009 xx 000 0 und d | ||
| 020 | _a9788177585636 | ||
| 040 | _cAL | ||
| 041 | _aeng | ||
| 082 | _a658.576 KRIK | ||
| 100 |
_aKRISHNASWAMY (K N);others. _985947 |
||
| 245 | _aManagement research methodology. | ||
| 260 |
_aNew Delhi _bPearson Education Pvt Ltd _c2009 |
||
| 300 |
_axxiii,573 _bPB |
||
| 365 |
_b385 _cINR |
||
| 906 | _aintegration ; Management ; methodology. ; methodology: ; methods ; principals ; research ; techniques. | ||
| 942 |
_2ddc _cBK |
||
| 999 |
_c158437 _d158437 |
||